01390nam a2200421 i 450000100060000000300090000600500170001500800390003201500170007102000150008804000280010304600090013108000100014008000150015008000150016508000100018010000370019024501000022725000120032726000650033930000620040433600270046633700540049333800280054738000160057538000230059138800100061450400260062465000270065065000170067765000140069465000120070865000270072065800280074770000440077571000510081985600980087044334KOSZ 00520200824110553.0040326s2004 pl a f |000 0 pol aPB 2004/6187 a8320614570 aWA NcWA NeKOSZ 005/HR k2004 a681.5 a621.43.004 a629.33-192 a614.71 aMerkisz, Jerzyd(1947- )eAutor10aPokładowe systemy diagnostyczne pojazdów samochodowych /cJerzy Merkisz, Stanisław Mazurek. aWyd. 2. aWarszawa :bWydawnictwa Komunikacji i Łączności,c2004. a418 s. :bfot. (w tym kolor.), rys. tab., wykr. ;c25 cm. 2rdacontentaTekstbtxt 2rdamediaaBez urządzenia pośredniczącegobn 2rdacarrieraWoluminbnc aKsiążki aPublikacje naukowe a2001- aBibliogr. przy rozdz. 4aDiagnostyka techniczna 4aUrządzenia 4aSamochody 4aSpaliny 4aWpływ na środowisko aInżynieria i technika1 aMazurek, Stanisławc(transport)eAutor2 aWydawnictwa Komunikacji i Łączności4pbl. uhttp://koha.tu.koszalin.pl/cgi-bin/koha/opac-detail.pl?biblionumber=44334yKatalog online BPK